000 00595nam a2200205Ia 4500
003 GCL
008 140319s9999 xx 000 0 ara d
040 _aGCL /
_cGCL
082 0 4 _a413.3
_bه ك
100 1 _aابوهلال العسكرى
245 1 0 _aكتاب الفروق لابى هلال العسكرى /
_cابوهلال العسكرى
700 1 _aاحمد سليم الحمصى
260 _a[S.N] :
_bجروس برس ،
_c1994
300 _a419 ص
490 _a
650 0 4 _aالنحو
650 0 4 _aاللغة العربية
650 0 4 _aالمعاجم
942 _2ddc
_cBK
999 _c35070
_d35070